| 000 | 00414nam a2200133Ia 4500 | ||
|---|---|---|---|
| 008 | 231129s2014||||xx |||||||||||||| ||spa|| | ||
| 020 | _a978-958-58167-4-9 | ||
| 082 | _a303.625 C397ba | ||
| 100 | _aRuiz Martha | ||
| 245 | 0 | _a¡Basta ya!. Colombia: Memorias de guerra y dignidad. Resumen | |
| 260 | _c2014 | ||
| 264 | _aBogotá: Imprenta Nacional de Colombia | ||
| 942 |
_2ddc _cBKS |
||
| 999 |
_c4332 _d4332 |
||